| 000 | 00869cam a2200289 4500 | ||
|---|---|---|---|
| 001 | 2224 | ||
| 003 | BD-RjUL | ||
| 005 | 20211208233515.0 | ||
| 008 | 131210r19741973mau b 001 0 eng | ||
| 020 | _a0674444752 | ||
| 035 | _a(BD-RjUL)2251 | ||
| 040 |
_aDLC _cDLC _dDLC _d1974 _beng |
||
| 041 | _aeng | ||
| 082 | 0 | 0 |
_a342.7305 _bBEI 1974 |
| 100 | 1 |
_aBerger, Raoul, _d1901-2000. _97249 |
|
| 245 | 1 | 0 |
_aImpeachment : _bthe constitutional problems / _cRaoul Berger. |
| 260 |
_aCambridge, _bHarvard University Press, _cc1973 [Reprint 1974]. |
||
| 300 |
_axii, 345 p. ; _c25 cm. |
||
| 504 | _aBibliography: p. 313-322. | ||
| 504 | _aIncludes Index.. | ||
| 650 | 0 |
_aImpeachments _zUnited States. _97251 |
|
| 650 | 0 |
_aImpeachments _zGreat Britain. _97252 |
|
| 942 |
_2ddc _cBK |
||
| 999 |
_c2224 _d2224 |
||